00942cam a2200241Ia 450000500170000000800410001702000180005802000180007603500210009404000500011504100080016524501140017326001040028730000180039149000300040960000620043965000170050165000280051865000390054665000350058565100380062070000420065820150317082332.0150317s2012 mx fr 000 0 spa d a9786074778427 a9786070304453 a(OCoLC)852935188 aCO-BoUCMcJose A. GerenadJose A. Gerenabspa0 aspa00aVoces híbridasbreflexiones en torno a la obra de García Cancliniccoordinado por Eduardo Nivón Bolán aMéxico D.F. (México)bSiglo XXI bUniversidad Autónoma Metropolitana, Unidad Iztapalapac2012 a254 páginas1 aSociología y política14aGarcía Canclini, NéstorxCrítica e interpretación 7aFilosofía  7aFilosofía zArgentina 7aPolíticas culturales zArgentina 7aIdentidad cultural zArgentina 4aArgentinaxAspectos filosóficos1 aNivón Bolán, Eduardoecoordinador